Eastward ho /

Bibliographic Details
Main Author: Chapman, George, 1559?-1634
Other Authors: Jonson, Ben, 1573?-1637, Marston, John, 1575?-1634, Van Fossen, Richard W.
Format: Book
Language:English
Published: Manchester [England] : Baltimore : Manchester University Press ; Johns Hopkins University Press, [1979]
Series:The Revels plays

MARC

Tag First Indicator Second Indicator Subfields
LEADER 00000cam a2200000 i 4500
001 in00000037805
005 20151007080632.0
008 790917s1979 enkb b 00110 eng
010 |a  79083851  
015 |a GB*** 
019 |a 5387701 
020 |z 08081822522 (Johns Hopkins) :  |c 9.50 
035 |a (OCoLC)05358588 
035 |9 AAF5133AM 
040 |a DLC  |c DLC  |d TXA  |d UtOrBLW 
049 |a TXAM  |c [1558613] 
050 0 0 |a PR2447  |b .E2 1979 
082 0 |a 822/.3 
100 1 |a Chapman, George,  |d 1559?-1634. 
245 1 0 |a Eastward ho /  |c George Chapman, Ben Jonson, John Marston ; edited by R. W. Van Fossen. 
264 1 |a Manchester [England] :  |b Manchester University Press ;  |a Baltimore :  |b Johns Hopkins University Press,  |c [1979] 
264 4 |c ©1979 
300 |a xviii, 238 pages :  |b map ;  |c 21 cm. 
336 |a text  |b txt  |2 rdacontent 
337 |a unmediated  |b n  |2 rdamedia 
338 |a volume  |b nc  |2 rdacarrier 
490 0 |a The Revels plays 
500 |a Includes facsim. of original title page: Eastward hoe, as it was playd in the Black-friers. By the children of her Maiesties Reuels, made by Geo: Chapman, Ben: Ionson, Ioh: Marston. At London, Printed for William Aspley, 1605. 
504 |a Includes bibliographies and index. 
700 1 |a Jonson, Ben,  |d 1573?-1637. 
700 1 |a Marston, John,  |d 1575?-1634. 
700 1 |a Van Fossen, Richard W. 
999 |a MARS 
999 f f |s 50f95835-05cf-347f-b9c9-2649bd88a895  |i f903b12f-df4c-3db4-8c7c-989e69c1003d  |t 0 
952 f f |p normal  |a Texas A&M University  |b College Station  |c Sterling C. Evans Library  |d Evans: Library Stacks  |t 0  |e PR2447 .E2 1979  |h Library of Congress classification  |i unmediated -- volume  |m A14803888535 
998 f f |a PR2447 .E2 1979  |t 0  |l Evans: Library Stacks